Регионална библиотека "Любен Каравелов" - Русе

Тине (Запис номер 425595)

MARC детайли
000 -Лидер
Контролно поле с фиксирана дължина nam a22 a 4500
003 - Код на организацията, давaща контролен номер
Контролно поле BLK
005 - Дата и час на последна редакция
Контролно поле 20210728085924.0
008 - Елементи от данни с фиксирана дължина
fixed length control field 180409b bul|||||r ||||||| ||bul||
010 ## - Наследен системен номер
LC control number KNG00139642000
040 ## - Източник на каталожния запис
Идентификатор на билиотеката - собственик на записа BLK
041 ## - Код за език
Код за езика на текст/звукозапис или на отделно заглавие Български
Код за езика КДБФ Български
080 ## - УДК
Текстов определител УДК Датска литература
УДК код - определител по УДК 821.113.4
УДК определител -31
УДК - код + определител 821.113.4-31
100 ## - Редна дума - Автор
Автор Банг, Херман Йоаким
Авторска отговорност първи автор
R(LIN) 1299
139 ## - Редно поле
Редна дума Банг, Херман
245 10 - Сведения за заглавието
Заглавие Тине
Редно поле (дума) Херман Йоаким Банг ; Прев. от нем. Михаил Пундев.
260 ## - Област на издателските данни
Име на издателя, разпространителя и проч. Георги Д. Юруков
Година на издаване 1930
9 (RLIN) 460264
Място на издаване, разпространение и проч. София
Печатница (София : Съгласие)
300 ## - Физическа характеристика
Страници 176 с.
Размери/Мащаб 20 см
380 ## - Жанр
Жанр Худож. лит.
490 ## - СЕРИИ (Колекции)
9 (RLIN) 205588
Име на серия Мозайка от знаменити романи
№: серия Г. 12, кн. 2
700 ## - Други автори (авторска отговорност)
9 (RLIN) 302927
Лично име Пундев, Михаил Маринов
Автороска отговорност (Описва отношението между автора и произведението) прев. от нем.
852 ## - Местоположение
Форматна сигнатура Цб 8.200.2575
Фондова буква Хранилище
999 ## - СИСТЕМНИ КОНТРОЛНИ НОМЕРА
Koha biblionumber 425595
Koha biblioitemnumber 425595
942 ## - АРТИКУЛИ
Вид на библиотечния материал Книги
Скрит в OPAC Не
Периодичен библиозапис Да
944 ## - СЪЗДАВАНЕ И РЕДАКЦИЯ на ЗАПИСА
Създаване/Редакция Създаване
Дата на регистрацията/редакция 2021-07-28
Статус, дата на статуса 2021-07-28
Служител, извършил регистрацията/редакцията Ренета Константинова
Наличности
Код за отписване Код за изгубен артикул Източник на класификационната схема Код за повреда Коз за рестрикции Код за отдаване Артикулен № Име на библиотеката - собственик Име на библиотеката, в която се намира в момента Статус (Текущо местоположение) Дата на вписване в системата Местоположение - отдел Цена в лева Инвентарен номер Систематично азбучна сигнатура Баркод Цена в евро Служебен тип на артикула
  Не е изгубен Universal Decimal Classification Не е повреден само за читалня ползва се в читалня 845307 Регионална библиотека "Любен Каравелов" Русе Регионална библиотека "Любен Каравелов" Русе Хранилище 2021-07-29 Основен фонд - ползва се само за читалня 0.14 2575 Цб 8.200.2575 900000071285 0.07 Книги
Vip Innovations Ltd, Rousse, Bulgaria 2025